000 00706nam a2200265 a 4500
003 AR-BaBNM
005 20251128204612.0
008 082120s2002 ||||||||||||||000 | spa||
020 _a950-511-098-7
040 _cAR-BaBNM
100 1 _aGoscinny, René
245 0 0 _aLos recreos del pequeño Nicolás
250 _a1ª ed.
260 _aBuenos Aires
_bAlfaguara
_c1993
300 _a115 p.
_bil.
490 0 _aJuvenil Alfaguara
_vv. 19
500 _aContiene biografía del autor en la contratapa
650 4 _aLITERATURA INFANTIL
650 4 _aLIBROS PARA NIÑOS
650 4 _aCUENTOS DE AVENTURAS
655 _aLITERATURA
700 0 _aSempé
_eilustrador
942 _cBK
998 _cLAURA
999 _c8084
_d8084